Łatwy test czy jesteś polakiem - Statystyki

Ogólne statystyki
  • Ten quiz został rozwiązany 140 razy
  • Średni wynik to 7 z 9
Statystyki odpowiedzi
Hint Odpowiedź % Poprawnych
Nasza Stolica? Warszawa
98%
Jaka jest nasza waluta? Złoty
98%
Nasz prezydent? Andrzej Duda
96%
Ile Polska ma województw? 16
95%
Z iloma krajami graniczymy? 7
91%
Język urzędowy Polski
91%
Znany Polski piłkarz Robert Lewandowski
84%
Polski papież,który zmarł Jan Paweł II
83%
Nasz ustrój Demokracja parlamentarna
13%
Nie znaleziono quizów pasujących do podanych kryteriów
Rozkład punktacji
Procent ludzi z każdym wynikiem
Percentyl według liczby udzielonych odpowiedzi
Twoja historia wyników
Nie rozwiązałeś tego quizu